|
|
|
|
| LEADER |
01221nam a22002777a 4500 |
| 001 |
41752 |
| 003 |
BD-DhAAL |
| 005 |
20230921113452.0 |
| 008 |
230921t4175 nyua|||| |||| 001 0 eng d |
| 020 |
|
|
|a 9780805330823
|
| 040 |
|
|
|a BD-DhAAL
|d BD-DhAAL
|
| 082 |
|
|
|2 19
|a 512.33
|
| 100 |
|
|
|a Fulton, William
|9 49578
|
| 245 |
|
|
|a Algebraic curves :
|b an introduction to algebraic geometry /
|c William Fulton ; notes written with the collaboration of Richard Weiss.
|
| 260 |
|
|
|a Redwood City, Calif. :
|b Addison-Wesley Pub. Co., Advanced Book Program,
|c 1969.
|
| 300 |
|
|
|a xix, 226 pages :
|b illustrations ;
|c 25 cm.
|
| 490 |
|
|
|a Advanced book classics
|
| 500 |
|
|
|a "This book was originally published as part of the Mathematics lecture note series."
|
| 504 |
|
|
|a Includes bibliographical references (p. 221-222) and index.
|
| 526 |
|
|
|a MNS
|
| 541 |
|
|
|a Development book agency
|e 41752
|
| 650 |
|
|
|a Curves, Algebraic.
|9 49563
|
| 700 |
|
|
|a Weiss, Richard,
|d 1948-
|9 55538
|
| 942 |
|
|
|2 ddc
|c BK
|
| 999 |
|
|
|c 45867
|d 45867
|
| 952 |
|
|
|0 0
|1 0
|2 ddc
|4 0
|6 512_330000000000000_FUL
|7 0
|9 74319
|a BRACUL
|b BRACUL
|c GEN
|d 2023-09-05
|e Development Book Agency
|g 19073.00
|l 1
|m 14
|o 512.33 FUL
|p 3010041752
|r 2025-10-08
|s 2025-06-21
|t 1
|v 19073.00
|w 2023-09-05
|y BK
|